Welcome to the Holygrace Academy Library

Please use search bar below to get started

KASTURBHA GANDHI BIOGRAPHY (Record no. 8581)

MARC details
000 -LEADER
fixed length control field 00441nam a22001577a 4500
020 ## - INTERNATIONAL STANDARD BOOK NUMBER
ISBN 978-81-200-4902-4
082 ## - DEWEY DECIMAL CLASSIFICATION NUMBER
Classification number 894.812
Item number SAR/K
100 ## - MAIN ENTRY--AUTHOR NAME
Personal name SARITHAKUMARI, K. R
245 ## - TITLE STATEMENT
Title KASTURBHA GANDHI BIOGRAPHY
246 ## - VARYING FORM OF TITLE
Title proper/short title KASTURBHA GANDHI
Remainder of title KASTURBHA GANDHI
260 ## - PUBLICATION, DISTRIBUTION, ETC. (IMPRINT)
Place of publication TRIVANDRUM
Name of publisher KERALA BHASHA INSTITUTE
Year of publication 2020
300 ## - PHYSICAL DESCRIPTION
Number of Pages 102
520 ## - SUMMARY, ETC.
Summary, etc KASTURBHA GANDHI BIOGRAPHY IN MALAYALAM
650 ## - SUBJECT ADDED ENTRY--TOPICAL TERM
Topical Term BIOGRAPHY IN MALAYALAM
942 ## - ADDED ENTRY ELEMENTS (KOHA)
Koha item type Books
Holdings
Withdrawn status Lost status Collection code Home library Current library Shelving location Date acquired Source of acquisition Cost, normal purchase price Full call number Accession Number Koha item type
    Non-fiction Main Library Main Library NEW SHELF WITH NEW ENTRY 26/10/2023 PURCHASED 75.00 894.812 SAR/K 13182 Books